| 000 | 00585nam a2200217 a 4500 | ||
|---|---|---|---|
| 001 | BRCA_7038 | ||
| 005 | 20190321142921.0 | ||
| 008 | 301111s1921----gw-#######---#000-0#ger-# | ||
| 041 | _ager | ||
| 044 | _agw | ||
| 050 | 4 | _b.B65 1921 | |
| 100 | 1 |
_aBölsche, Wilhelm _d1861-1939 _916359 |
|
| 245 | 1 | 0 |
_aNatur und Kunst _cWilhelm Bölsche. |
| 260 |
_aDresde, Alemania _bCarl Reissner _c1921 |
||
| 300 |
_a2 v. _c22 cm. |
||
| 500 | _aL211 | ||
| 505 | 0 | _aContenido: v.1.Aus dem Menschenstern .-- v.2.Weltblick. | |
| 650 | 1 | 4 |
_aArte y naturaleza _917491 |
| 902 | _aGFM | ||
| 942 |
_2lcc _cB |
||
| 999 |
_c6719 _d6719 |
||